00545 a2200157 4500952012000000999001500120020001800135050002200153100002600175245005400201264004700255300002400302500001900326650001400345942002800359 001040708NFICaCCLbCCLcGENd2021-03-16l0oP 53.855 KER 2015p028897r2021-03-16 00:00:00tc.1w2021-03-16yBK c4528d4528 a9781107036482 aP 53.855 KER 2015 aKern, Richardeauthor aLanguage, literacy and technology /cRichard Kern aLondon:bCambridge University Press,c2015 axi, 291p. :bill. ; aIncludes index aLanguage  2lcccBKh53.855iKERkP